000 00795nam a2200289Ia 4500
005 20260324151051.0
008 008 260324s9999 xx 000 0 eng d
020 _a9780203705520
037 _aEBOOK
040 _aCRL
040 _beng
040 _cCRL
041 _2eng
041 _aeng
084 _qCRL
100 _aWilliam Prescott; John Foster Kirk
_91226952
245 0 _aRevival: History of the Conquest of Mexico (1886)
245 0 _bWith a Preliminary View of the Ancient Mexican Civilisation and the Life of the Conqueror, Hernando Cortes
260 _bTaylor and Francis
260 _c1886
365 _a
365 _b570
856 _uhttp://www.taylorfrancis.com/books/9780203705520
942 _cEBOOK
999 _c1839106
_d1839106